01723cam a22003258i 450000100090000000300040000900500170001300600190003000700150004900800410006401000170010502000180012204000230014004200080016305000110017108200190018210000270020124500960022825000200032426300090034426400510035330000100040450000710041450400510048552005330053658801030106965000370117270000270120977601610123621111118OSt20230821105434.0m |o d | cr |||||||||||190731s2019 nju ob 001 0 eng  a 2019030450 a9789354244773 aDLCbengcDLCerda apcc00aHD30.400a650.072bSRI/R aSekaran, Uma eauthor.10aResearch methods for business :ba skill-building approach /cRoger Bougie and Uma Sekaran. aEighth edition. a1910 1aHoboken, NJ :bJohn Wiley & Sons, Inc.,c2019. a481 p aUma Sekaran appears as the first named author on earlier editions. aIncludes bibliographical references and index. a"Previous editions of this book have been used in various research methods courses with great success. For many years the book has helped thousands of my own students (undergraduate students, graduate students and executive students), as well as many more around the world, to carry out their research projects. The great strength of Research Methods for Business is that students find it clear, informal, easy to use and unintimidating. I have tried to maintain these strengths in this eighth edition"--cProvided by publisher. aDescription based on print version record and CIP data provided by publisher; resource not viewed. 0aBusinessxResearchxMethodology.1 aBougie, Rogereauthor.08iPrint version:aSekaran, Uma.tResearch methods for businessbEighth edition.dHoboken, NJ : John Wiley & Sons, Inc., 2019.z9781119561224w(DLC) 2019030449